000 00507nam a2200181Ia 4500
008 151213s9999 xx 000 0 und d
020 _a007-123823-9
082 _a330.1543
_b330.1543
100 _aAlph C.Chiaing, Kevin wainuerigth
245 _aMathematical Economics
_cAlph C.Chiaing, Kevin wainuerigth
250 _a4th
260 _aNew York
_bMcGrawHill.
_c2005
300 _a10834 p.
650 _aEconomics
650 _aEconomics
700 _aAlph C.Chiaing, Kevin wainuerigth
999 _c4907
_d4907